Central Library OPAC University of Rajshahi

Renaissance and Reformation : (Record no. 25196)

MARC details
000 -LEADER
fixed length control field 00960nam a2200277 i 4500
001 - CONTROL NUMBER
control field 25196
003 - CONTROL NUMBER IDENTIFIER
rucl marc code BD-RjUL
005 - DATE AND TIME OF LATEST TRANSACTION
control field 20211209050839.0
008 - FIXED-LENGTH DATA ELEMENTS--GENERAL INFORMATION
fixed length control field 140316r19701952 kbj b 00100 eng d
020 ## - INTERNATIONAL STANDARD BOOK NUMBER
International Standard Book Number 0713151757
035 ## - SYSTEM CONTROL NUMBER
System control number (BD-RjUL)25265
System control number (BD-RjUL)
040 ## - CATALOGING SOURCE
Original cataloging agency BD-RjUL
Language of cataloging eng
Transcribing agency BD-RjUL
Modifying agency BD-RjUL
041 ## - LANGUAGE CODE
Language code of text/sound track or separate title eng
082 ## - DEWEY DECIMAL CLASSIFICATION NUMBER
Classification number 940.21
Edition number 19
Author mark and year GRR
100 1# - MAIN ENTRY--PERSONAL NAME
Personal name Green, V. H. H.
Fuller form of name (Vivian Hubert Howard),
Dates associated with a name 1915-
9 (RLIN) 77512
245 10 - TITLE STATEMENT
Title Renaissance and Reformation :
Remainder of title a survey of European history between 1450 and 1660 /
Statement of responsibility, etc. by V.H.H. Green.
250 ## - EDITION STATEMENT
Edition statement 2nd. ed.
260 ## - PUBLICATION, DISTRIBUTION, ETC. (IMPRINT)
Place of publication, distribution, etc. London :
Name of publisher, distributor, etc. Edward Arnold,
Date of publication, distribution, etc. 1964 [reprinted 1964,1965,1967,1969,1970].
300 ## - PHYSICAL DESCRIPTION
Pagination 463 p. :
Illustrations genealogical tables. maps ;
Size 22 cm.
504 ## - BIBLIOGRAPHY, ETC. NOTE
Bibliography, etc Includes Bibliography: p. 440-448 and index.
651 #0 - SUBJECT ADDED ENTRY--GEOGRAPHIC NAME
Geographic name Europe
General subdivision History
Chronological subdivision 476-1492.
9 (RLIN) 74533
Geographic name Europe
General subdivision History
Chronological subdivision 1492-1648.
9 (RLIN) 77513
Geographic name Europe
General subdivision History
Chronological subdivision 1648-1789.
9 (RLIN) 74921
942 ## - ADDED ENTRY ELEMENTS (KOHA)
Source of classification or shelving scheme Dewey Decimal Classification
Koha item type Books
Holdings
Lost status Source of classification or shelving scheme Damaged status Not for loan Collection code Permanent Location Current Location Shelving location Date acquired Total Checkouts Full call number Date last seen Date checked out Copy number Koha item type Source of acquisition
  Dewey Decimal Classification     Non-fiction Central Library, University of Rajshahi Central Library, University of Rajshahi   16/03/2014 7 940.21 GRR 1970 18/04/2019 30/01/2019 C-9 Books  
  Dewey Decimal Classification     Non-fiction Central Library, University of Rajshahi Central Library, University of Rajshahi   16/03/2014 7 940.21 GRR 1970 05/07/2017 21/05/2017 C-10 Books  
  Dewey Decimal Classification     Non-fiction Central Library, University of Rajshahi Central Library, University of Rajshahi   17/02/1973 2 940.21 GRR 1970 09/04/2023 27/03/2023 C-2 Books Britain